United States Containing the Same Three Letters - Statistics

General Stats
  • This quiz has been taken 142 times
  • The average score is 9 of 13
Answer Stats
State % Correct
S Mississippi
88%
I Illinois
83%
A Alabama
82%
C Connecticut
82%
E Tennessee
77%
A Alaska
71%
A Arkansas
68%
O Colorado
66%
S Massachusetts
65%
E New Jersey
53%
N Pennsylvania
50%
I Virginia
48%
I West Virginia
48%
No matching quizzes found
Score Distribution
Percent of People with Each Score
Percentile by Number Answered
Your Score History
You have not taken this quiz